鍾樓怪人

資料類型: Book 圖書   書目號:32854

Leader xxxxxxxxxx
001 __ 80004592
005 __ 19950313112809.0
008 __                                    chi  
010 0_ |a957-558-329-9|b平裝|d
020 __ |acw|b80004214
100 __ |a19911114g1991        0chib0109    e.
101 0_ |achi.
102 __ |acw.
105 __ |aa   z   000yy.
200 1_ |a鍾樓怪人|e|f雨果原著|g蘇瑞瑛改寫.
205 __ |a初版.
210 __ |a臺南市|c大千文化|d民80.
211 __ |a8011.
215 0_ |a1冊|c|d21公分
225 1_ |a世界文學注音版全集|v9.
260 1_ |a1991.
300 __ |a
681 __ |a859.6.
700 __ |a|b瑞瑛|4撰文
702 __ |a|b|4
詳細館藏(共 1 筆)
索 書 號登 錄 號冊次號館別 / 館藏地流通類型狀態加入預約清單電子資源
859.6. / 8473 2013293 v9 圖書館 / 一樓普通區 可外借30天 在館   

| 條列資料




目錄查詢 分類查詢 個人資料 圖書薦購 新書查詢 閉館日 排行榜 更多電子資源 Hami書城 線上資料庫 登出

From : 216.73.216.116

  本日流通累計至 16:02:02 借閱 : 8 次 續借 : 0 次 歸還 : 10 次 預約 : 0 次 電子資源 : 0 次


內湖高中圖書館  PCLIS 版本  25.5.0.2